[Event "Mittelrhein Regionalliga 18/19"]
[Site "Nordrheinwestfalen"]
[Date "2019.02.10"]
[Round "7.8"]
[White "Weidemann, Stephan"]
[Black "Roefe, Detlef"]
[Result "0-1"]
[WhiteElo "1567"]
[BlackElo "1870"]
[PlyCount "102"]
[EventDate "2018.10.28"]
[EventType "team-tourn"]
[EventRounds "11"]
[EventCountry "GER"]
[SourceTitle "EXT 2022"]
[Source "ChessBase"]
[SourceDate "2021.10.06"]
[SourceVersion "1"]
[SourceVersionDate "2021.10.06"]
[SourceQuality "1"]
[WhiteTeam "Wuerselen"]
[BlackTeam "Alsdorf SVG"]
[WhiteTeamCountry "GER"]
[BlackTeamCountry "GER"]

1. d4 Nf6 2. e3 e6 3. Bd3 c5 4. c3 cxd4 5. cxd4 d6 6. f4 Be7 7. Nf3 a6 8. 0-0 b5 9. b4 Bb7 10. Bd2 Nbd7 11. Nc3 0-0 12. a3 Re8 13. Rc1 Nf8 14. Qb3 Nd5 15. Nxd5 Bxd5 16. Qb1 Rc8 17. Rxc8 Qxc8 18. Rc1 Qb8 19. Be4 Bxe4 20. Qxe4 Rc8 21. Qb1 Bf6 22. Rc2 Rxc2 23. Qxc2 Nd7 24. Qc6 Nb6 25. Bc1 h6 26. Kf2 g6 27. h3 Bd8 28. g4 Qc7 29. Qxc7 Bxc7 30. Ke2 Nd5 31. Kd3 f5 32. gxf5 gxf5 33. Bb2 Bd8 34. Bc1 Nf6 35. Nd2 Nd5 36. Nf3 Kf7 37. Bd2 Kg6 38. Be1 Kh5 39. Bg3 Nb6 40. Bf2 Nc4 41. a4 Nb2+ 42. Kc3 Nxa4+ 43. Kb3 Nb6 44. Be1 Nc4 45. Bf2 Bf6 46. Kc3 Kg6 47. Nd2 Nxd2 48. Kxd2 Kh5 49. Bg3 d5 50. Ke2 Bh4 51. Bh2 Be7 0-1

[Event "Mittelrhein Verbandsliga-W 1112"]
[Site "Germany"]
[Date "2012.02.26"]
[Round "7.7"]
[White "Whitmire, James David"]
[Black "Weidemann, Stephan"]
[Result "1-0"]
[WhiteElo "1853"]
[BlackElo "1629"]
[PlyCount "39"]
[EventDate "2011.09.18"]
[EventType "team-tourn"]
[EventRounds "11"]
[EventCountry "GER"]
[SourceTitle "EXT 2013"]
[Source "ChessBase"]
[SourceDate "2012.11.22"]
[SourceVersion "1"]
[SourceVersionDate "2012.11.22"]
[SourceQuality "1"]
[WhiteTeam "Aachen II"]
[BlackTeam "Wuerselen II"]
[WhiteTeamCountry "GER"]
[BlackTeamCountry "GER"]

1. b3 e5 2. Bb2 f6 3. e4 Nh6 4. Bc4 c6 5. Nc3 b5 6. Be2 b4 7. Na4 d5 8. d4 Nf7 9. dxe5 Nxe5 10. exd5 Qxd5 11. Nf3 Bd6 12. 0-0 Ba6 13. Nd4 Bxe2 14. Qxe2 0-0 15. Nf5 Qb5 16. Qe4 Bc7 17. Rad1 Nbd7 18. f4 Rfe8 19. fxe5 Bxe5 20. Qg4 1-0

[Event "Mittelrhein Verbandsliga-W 1112"]
[Site "Germany"]
[Date "2012.01.15"]
[Round "5.6"]
[White "Weidemann, Stephan"]
[Black "Weyer, Hans Juergen"]
[Result "0-1"]
[WhiteElo "1629"]
[BlackElo "1872"]
[PlyCount "98"]
[EventDate "2011.09.18"]
[EventType "team-tourn"]
[EventRounds "11"]
[EventCountry "GER"]
[SourceTitle "EXT 2013"]
[Source "ChessBase"]
[SourceDate "2012.11.22"]
[SourceVersion "1"]
[SourceVersionDate "2012.11.22"]
[SourceQuality "1"]
[WhiteTeam "Wuerselen II"]
[BlackTeam "Herzogenrath"]
[WhiteTeamCountry "GER"]
[BlackTeamCountry "GER"]

1. d4 d5 2. e3 e6 3. Bd3 Nf6 4. Nd2 c5 5. c3 Nbd7 6. f4 Be7 7. Ngf3 0-0 8. 0-0 b6 9. Ne5 Bb7 10. Rf3 Ne4 11. Rh3 g6 12. g4 f5 13. Nxe4 fxe4 14. Be2 Nxe5 15. fxe5 Rf7 16. Bd2 Qd7 17. Qe1 Raf8 18. Qg3 Bg5 19. Rf1 Rxf1+ 20. Bxf1 Qa4 21. Qe1 Qxa2 22. Qc1 Ba6 23. Bxa6 Qxa6 24. Rg3 Qd3 25. Rg2 Rf3 26. Rg3 Rxg3+ 27. hxg3 Qe2 28. b4 c4 29. b5 Qxg4 30. Be1 Qe2 31. Bf2 Qa2 32. Qd1 h6 33. Qc1 Qa5 34. Qb2 Kf7 35. Kf1 Be7 36. Be1 Qa3 37. Qb1 a5 38. bxa6 Qxa6 39. Qb2 b5 40. Qh2 Bg5 41. Qf2+ Ke7 42. Kg2 Qa1 43. Kh3 Qc1 44. Qa2 Qxe1 45. Qa7+ Kf8 46. Kg2 Qe2+ 47. Kh3 Qf1+ 48. Kh2 Qf7 49. Qb8+ Kg7 0-1